000 01016nas a2200337 4500
001 BR2012002368
003 BR-BrBNA
005 20231205120403.0
007 ta
008 230509b bl.|||p| |||| 00| 00por d
040 _aBR-BrBNA
_bpor
_cBiblioteca Nacional de Agricultura
041 _a(Pt)
072 _aF03; J10
100 1 _aOliveira, L.M. de
100 1 _aBruno, R. de L.A.
100 1 _aSilva, K. da R.G. da
100 1 _aAlves, E.U.
100 1 _aSilva, G.Z. da
100 1 _aAndrade, A.P. de
245 1 _aQualidade fisiológica de sementes de Caesalpinia pyramidalis Tul. durante o armazenamento
650 _aCATINGUEIRA
650 _aCAESALPINIA PYRAMIDALIS
650 _aSEMENTE
650 _aARMAZENAMENTO
650 _aQUALIDADE
650 _aTESTE DE VIGOR
650 _aGERMINAÇÃO
773 0 _tRevista Brasileira de Sementes (Brazil)
_xISSN 0101-3122
_g(Jun 2011), v. 33(2) p. 289-298
_wBR2012002368
909 _a202311
_bLúcia
_c55
_dLúcia Elande
942 _2AGRIS
_n0
_cANA
999 _c218250
_d218250